[Event "Centrocoop June op-B"]
[Site "Eforie Nord"]
[Date "1998.??.??"]
[Round "?"]
[White "Frantsuzova, Lyudmila Nikola"]
[Black "Tudor, S."]
[Result "0-1"]
[WhiteElo "2120"]
[BlackElo "1625"]
[PlyCount "106"]
[EventDate "1998.06.??"]
[EventType "swiss"]
[EventRounds "11"]
[EventCountry "ROU"]
[SourceTitle "EXT 2000"]
[Source "ChessBase"]
[SourceDate "1999.11.16"]
[SourceVersion "1"]
[SourceVersionDate "1999.11.16"]
[SourceQuality "1"]

1. d4 Nf6 2. Nf3 e6 3. Bg5 Be7 4. e3 b6 5. Bd3 d5 6. Nbd2 Bb7 7. c4 Nbd7 8. 0-0 0-0 9. Rc1 c5 10. cxd5 exd5 11. b3 Re8 12. Ne5 Ne4 13. Bxe7 Qxe7 14. Nxd7 Nxd2 15. Qxd2 Qxd7 16. dxc5 b5 17. Qc2 Bc6 18. Bxh7+ Kf8 19. Bf5 Qe7 20. Qd1 g6 21. Qd4 Kg8 22. Qg4 Qf6 23. Bb1 Re5 24. Qd4 Qe6 25. b4 Rg5 26. f4 Rh5 27. Rf3 f5 28. Rg3 Kf7 29. Rc3 a5 30. Ra3 a4 31. Rc3 Rah8 32. h3 Qf6 33. Kf2 Re8 34. Bd3 Rhh8 35. Rg5 Re6 36. a3 Rhe8 37. Qxf6+ Kxf6 38. Bc2 d4 39. exd4 Re2+ 40. Kg1 Rd2 41. Rcg3 Re1+ 42. Kh2 Be8 43. Bd3 Rdd1 44. Rf3 Bc6 45. Bxb5 Bxb5 46. Rc3 Rh1+ 47. Kg3 Rxd4 48. c6 Rd3+ 49. Rxd3 Bxd3 50. h4 Bb5 51. c7 Rc1 52. h5 gxh5 53. Rxh5 Rxc7 0-1